Die 101 häufigsten ♂ ♀ Vornamen in Bayern - Statistiken

Allgemein
  • Dieses Quiz wurde 198 mal gespielt
  • Das Durchschnittsergebnis liegt bei 48 aus 103
Antwortstatistiken
♂ /♀ Vorname % Korrekt
Jungen - - > | Mädchen - - > ⤵️
99%
A4 Anna
86%
L3 Leo
84%
L4 Leon
82%
L3 Lia
82%
L4 Lena
81%
E4 Emil
80%
L3 Lea
77%
M3 Mia
77%
J6 Johann
75%
M5 Marie
74%
M3 Max
74%
P4 Paul
74%
M5 Maria
72%
H6 Hannah
71%
L5 Lukas
69%
E4 Emma
68%
S6 Sophia
67%
B3 Ben
64%
S5 Sarah
64%
S6 Sophie
63%
L4 Lara
62%
M10 Maximilian
61%
J8 Johannes
60%
L5 Laura
60%
J4 Jona
58%
E4 Ella
57%
F5 Felix
57%
E6 Emilia
56%
F4 Finn
56%
L4 Lina
56%
A5 Anton
53%
J7 Johanna
53%
J5 Jonas
51%
L4 Luca
51%
P5 Paula
50%
E5 Emily
49%
T4 Theo
49%
A6 Amelie
48%
E5 Elias
48%
E5 Elisa
48%
N4 Noah
48%
J5 Jakob
47%
J6 Julian
47%
I3 Ida
46%
J5 Josef
46%
K9 Katharina
46%
L6 Leonie
46%
S9 Sebastian
46%
C9 Charlotte
45%
M7 Michael
45%
A9 Alexander
44%
F6 Fabian
44%
X5 Xaver
44%
L5 Louis
43%
L5 Luisa
43%
E3 Eva
42%
L4 Leni
41%
S5 Simon
41%
C5 Clara
40%
H6 Helena
39%
M6 Moritz
39%
N6 Niklas
39%
M4 Mila
38%
P7 Philipp
38%
F9 Franziska
37%
V8 Valentin
36%
D5 David
34%
H6 Hannes
34%
M6 Matteo
34%
L3 Lio
33%
E5 Elena
32%
I8 Isabella
32%
L6 Ludwig
32%
L4 Liam
31%
L5 Lilly
31%
M9 Magdalena
30%
M8 Mathilda
30%
O5 Oskar
30%
J8 Jonathan
29%
N4 Nora
29%
V7 Vincent
29%
A7 Antonia
28%
M4 Maja
28%
M7 Marlene
28%
T7 Theresa
28%
V9 Valentina
27%
A5 Alina
26%
J9 Josephine
26%
K6 Kilian
26%
F6 Frieda
24%
H5 Henry
23%
L4 Levi
23%
M4 Mira
23%
V8 Victoria
22%
J6 Jannis
21%
R7 Raphael
20%
S6 Samuel
20%
M5 Milan
17%
R4 Romy
17%
T4 Toni
17%
R7 Rosalie
14%
Keine übereinstimmenden Quizze gefunden
Verteilung der Resultate
Anzahl Personen mit jedem Resultat
Perzentil nach korrekt beantworteten Fragen
Ihre Resultats-Entwicklung
Sie haben dieses Quiz noch nicht gespielt